Das politische System der Slowakei Konstante Kurswechsel in der Mitte Europas

Salvato in:
Dettagli Bibliografici
Natura: Libro
Lingua:tedesco
Pubblicazione: Wiesbaden Springer Fachmedien Wiesbaden 2023
Edizione:1. Auflage
Soggetti:
Tags: Aggiungi Tag
Nessun Tag, puoi essere il primo ad aggiungerne!!

MARC

LEADER 00000nlm a2200000 4500
001 0298246
005 20240116090519.4
020 |a 978-3-658-42633-0 
041 0 |a ger 
044 |a DE 
245 1 0 |a Das politische System der Slowakei  |b Konstante Kurswechsel in der Mitte Europas 
250 |a 1. Auflage 
264 1 |a Wiesbaden  |b Springer Fachmedien Wiesbaden  |c 2023 
300 |a 296 s. 
610 2 0 |a systémy politické 
610 2 0 |a politika zahraničná 
610 2 0 |a demokracia 
610 2 0 |a menšiny národnostné 
610 2 0 |a populizmus 
610 2 0 |a štruktúra sociálna 
610 2 0 |a médiá 
610 2 0 |a parlamenty 
610 2 0 |a Slovensko 
610 2 0 |a Európska únia